Spécialité à la ville - France (Clic Quiz) - Statistiques

Statistiques générales
  • Ce quiz a été pris 16 771 fois
  • Le résultat moyen est 14 sur 20
Statistiques - réponses
Hint Réponse % Correct
Moutarde Dijon
95%
Piment Espelette
91%
Sel Guérande
89%
Savon Marseille
87%
Pruneau Agen
78%
Cannelé Bordeaux
78%
Saucisse Morteau
76%
Nougat Montélimar
74%
Rillettes Le Mans
69%
Bêtises Cambrai
66%
Calisson Aix-en-Provence
64%
Porcelaine Limoges
64%
Brie Meaux
63%
Parfum Grasse
62%
Petit beurre Nantes
62%
Melon Cavaillon
61%
Tripes Caen
53%
Image Épinal
45%
Horlogerie Besançon
41%
Dentelle Alençon
35%
Aucun quiz correspondant
Distribution des résultats
% des personnes avec chaque résultat
Percentile par nombre de réponses
Votre historique - résultats
Vous n’avez pas pris ce quiz